[Event "ICS rated blitz match"]
[Site "207.99.83.227"]
[Date "1999.04.10"]
[Round "?"]
[White "blunite"]
[Black "Hossa"]
[Result "0-1"]
[WhiteElo "2307"]
[BlackElo "2416"]
[PlyCount "54"]

1. e4 c5 2. Nf3 Nc6 3. Nc3 Nh6 4. Bb5 f5 5. d3 fxe4 6. dxe4 Nf7 7. O-O d6 8. h3
e6 9. Bf4 Be7 10. Qd2 O-O 11. Rad1 Bd7 12. Bxc6 Bxc6 13. Ng5 Bxg5 14. Bxg5 Qxg5
15. f4 Qg3 16. Rf3 Qh4 17. Kh2 b5 18. Qe3 b4 19. Ne2 Qf6 20. c3 Rab8 21. Ng3
bxc3 22. bxc3 Rb2 23. Rd2 Rb1 24. Nh5 Qh4 25. g4 Qe1 26. Qxe1 Rxe1 27. Ng3
27... Ne5 {blunite resigns} 0-1

[Event "ICS rated blitz match"]
[Site "207.99.83.227"]
[Date "1999.04.10"]
[Round "?"]
[White "Hossa"]
[Black "blunite"]
[Result "1-0"]
[WhiteElo "2427"]
[BlackElo "2296"]
[PlyCount "89"]

1. e4 e5 2. Nf3 Nc6 3. Bb5 a6 4. Ba4 Nf6 5. Bxc6 dxc6 6. d3 Bd6 7. O-O c5 8.
Bg5 h6 9. Bxf6 Qxf6 10. Nc3 c6 11. Nd2 Bd7 12. Na4 Be6 13. Nb6 Rd8 14. Nb3 O-O
15. Qh5 Kh7 16. Na5 Qe7 17. Nbc4 g6 18. Qf3 Bb8 19. Qg3 f6 20. h4 h5 21. a3 Qd7
22. Rae1 b5 23. Ne3 Qc7 24. b4 cxb4 25. axb4 Rf7 26. Ra1 Qd6 27. Kh1 Rc8 28.
Rfb1 Ba7 29. Nd1 Bd4 30. c3 Bb6 31. Nb3 Ra8 32. Kg1 f5 33. exf5 gxf5 34. Qg5
Rf6 35. Nd4 exd4 36. Qxf6 Bc7 37. Qg5 Rg8 38. Qxh5+ Kg7 39. cxd4 Kf8 40. Ne3
Qh2+ 41. Kf1 f4 42. Qf3 Ke7 43. d5 fxe3 44. dxe6 exf2 45. Qf7+ {blunite resigns
} 1-0

[Event "ICS rated blitz match"]
[Site "207.99.83.227"]
[Date "1999.04.10"]
[Round "?"]
[White "blunite"]
[Black "Hossa"]
[Result "1-0"]
[WhiteElo "2286"]
[BlackElo "2437"]
[Annotator "Crafty v16.6"]
[PlyCount "77"]

{annotating for player Hossa using a scoring margin of +0.10 pawns. search
time limit is 20.00} 1. e4 1... c5 2. Nf3 Nc6 3. Nc3 Nh6 4. d4 cxd4 5. Nxd4
Nxd4 ({8:-0.93} 5... Nxd4 6. Qxd4 Ng4 7. e5 f5 8. f3 Nh6 9. Bxh6 gxh6 10. O-O-O
$16) ({8:-0.55} 5... g6 6. Nxc6 bxc6 7. Bc4 Bg7 8. O-O O-O 9. Bg5 9... Bb7 $14)
6. Qxd4 Ng4 7. Bc4 d6 8. O-O Bd7 9. h3 Ne5 10. Bb3 Bxh3 11. f4 Nc6 12. Qa4 Qb6+
({9:+0.77} 12... Qb6+ 13. Kh1 Bd7 14. Qc4 e6 15. Qb5 Nd4 16. Qxb6 axb6 17. Be3
Nxb3 18. axb3 $17) ({9:+0.93} 12... Bd7 13. Qc4 e6 14. Rd1 Qb6+ 15. Kh2 Na5 16.
Qd4 Qxd4 17. Rxd4 Nxb3 18. axb3 $17) 13. Kh2 Bg4 14. Nd5 Qd8 15. Be3 e6 16.
Rae1 Qh4+ ({8:+0.00} 16... Qh4+ 17. Kg1 Qd8 18. Kh2 $10) ({8:+1.01} 16... Be7
17. Nxe7 Qxe7 18. Kg3 h5 19. Qc4 O-O 20. Kh2 20... Rac8 $17) 17. Kg1 O-O-O ({
8:-0.05} 17... O-O-O 18. Nb4 Nxb4 19. Qxb4 Kb8 20. Qd4 b6 21. Bf2 21... Qf6 $10
) ({8:+0.13} 17... Qd8 18. Bb6 axb6 19. Qxa8 exd5 20. Qxb7 Nd4 21. Ba4+ b5 22.
exd5+ $10) 18. Bxa7 exd5 ({9:-0.03} 18... exd5 19. Bf2 Qf6 20. exd5 Ne7 21.
Qa8+ Kc7 22. Bb6+ Kxb6 23. Qxd8+ Ka7 24. Re4 $10) ({9:+0.67} 18... Nxa7 19.
Qxa7 exd5 20. Bxd5 Rd7 21. Qa8+ Kc7 22. Qxb7+ Kd8 23. Qb8+ Ke7 24. e5 Be6 25.
Bxe6 fxe6 26. exd6+ Rxd6 27. b4 $15) 19. exd5 Nxa7 20. Qxa7 Kc7 ({8:-1.51} 
20... Kc7 21. Re4 Rc8 22. Ba4 Bd7 23. Rc4+ Kd8 24. Qb6+ Ke7 25. Re4+ Be6 26.
dxe6 $18) ({8:+0.63} 20... Be7 21. Re4 Bf6 22. Rfe1 Bd7 23. Rc4+ Bc6 24. Qa8+
Kc7 25. Qa5+ Kb8 26. dxc6 bxc6 27. Rxc6 27... Bxb2 $15) 21. Re3 Rc8 22. Rfe1
Qf6 23. Rc3+ Qxc3 24. bxc3 f5 ({8:-4.34} 24... f5 25. Ba4 Rb8 26. Bc6 Bh5 27.
Rb1 Be2 28. Bxb7 $18) ({9:-3.74} 24... Bf5 25. Ba4 Rb8 26. Rb1 Be7 27. Qb6+ Kc8
28. Bc6 Bf6 29. Bxb7+ Kd7 30. Bc6+ 30... Ke7 $18) 25. Ba4 Bh5 ({8:-Mat05} 25...
Bh5 26. Rb1 Rb8 27. Qb6+ Kc8 28. Qb5 Be8 29. Qxe8+ Kc7 30. Qd7# $18) ({8:-8.93
} 25... Ra8 26. Qxa8 Bh5 27. Rb1 b5 28. c4 g5 29. cxb5 29... gxf4 $18) 26. Rb1
Rb8 27. Qb6+ Kc8 28. Re1 Bg6 ({8:-Mat06} 28... Bg6 29. Qb5 Be8 30. Rxe8+ Kc7
31. Qd7+ Kb6 32. Rxb8 Be7 33. Rxb7+ Ka5 34. Qb5# $18) ({8:-5.84} 28... g5 29.
Qb5 Kc7 30. Rb1 Be8 31. Qb6+ Kc8 32. Bxe8 gxf4 33. Bc6 33... Bg7 $18) 29. c4
Ra8 30. Bd7+ Kxd7 31. Qxb7+ Kd8 32. Qxa8+ Kd7 33. Qc6+ Kd8 34. c5 dxc5 35. d6
Bxd6 36. Qxd6+ Kc8 37. Qxc5+ Kb8 38. Rb1+ Ka8 39. Qa3# 1-0

[Event "ICS rated blitz match"]
[Site "207.99.83.227"]
[Date "1999.04.10"]
[Round "?"]
[White "Hossa"]
[Black "blunite"]
[Result "1-0"]
[WhiteElo "2414"]
[BlackElo "2309"]
[PlyCount "45"]

1. e4 e5 2. Nf3 Nc6 3. Bc4 Nf6 4. Ng5 Bc5 5. Nxf7 Bxf2+ 6. Kf1 Qe7 7. Nxh8 d5
8. exd5 Nd4 9. d6 cxd6 10. d3 Bg4 11. Qd2 Bh4 12. h3 Be2+ 13. Kg1 O-O-O 14. Nf7
Nh5 15. Bd5 Qf6 16. Qe3 Bg3 17. Nd2 Bf4 18. Qf2 Ng3 19. Nxd8 Kxd8 20. Ne4 Nxh1
21. Qxd4 exd4 22. Nxf6 Bxc1 23. Rxc1 {blunite resigns} 1-0

[Event "ICS rated blitz match"]
[Site "207.99.83.227"]
[Date "1999.04.10"]
[Round "?"]
[White "blunite"]
[Black "Hossa"]
[Result "1/2-1/2"]
[WhiteElo "2298"]
[BlackElo "2425"]
[PlyCount "86"]

1. d4 Nf6 2. Nf3 e6 3. e3 Be7 4. Bd3 O-O 5. O-O d5 6. Nbd2 Nc6 7. c3 b6 8. Re1
Bb7 9. a3 Qe8 10. e4 dxe4 11. Nxe4 Nxe4 12. Bxe4 Rd8 13. Qc2 h6 14. b4 a6 15.
Bb2 Rd7 16. Rad1 Rd8 17. c4 Bd6 18. d5 Nb8 19. c5 bxc5 20. bxc5 Be7 21. dxe6
Rxd1 22. Rxd1 Bxe4 23. exf7+ Qxf7 24. Qxe4 Bxc5 25. Rd5 Re8 26. Re5 Rxe5 27.
Qxe5 Qd7 28. g3 Bd6 29. Qd5+ Kf8 30. Qa8 Qb5 31. Bd4 Qe8 32. a4 g5 33. Ne5 Bxe5
34. Bxe5 Qxe5 35. Qxb8+ Kg7 36. Qb4 a5 37. Qc4 c5 38. Qb5 Qc3 39. Qd7+ Kf6 40.
Kg2 Qb4 41. Qc6+ Kg7 42. Qd7+ Kf6 43. Qc6+ 43... Kg7 {
Game drawn by mutual agreement} 1/2-1/2

[Event "ICS rated blitz match"]
[Site "207.99.83.227"]
[Date "1999.04.10"]
[Round "?"]
[White "Hossa"]
[Black "blunite"]
[Result "1/2-1/2"]
[WhiteElo "2419"]
[BlackElo "2304"]
[PlyCount "69"]

1. e4 e5 2. Nf3 Nc6 3. Bb5 a6 4. Ba4 Nf6 5. O-O b5 6. Bb3 Be7 7. Re1 O-O 8. Nc3
d6 9. d3 Bg4 10. Bg5 Nd4 11. Be3 Bxf3 12. gxf3 Nh5 13. Bd5 Rb8 14. Bxd4 exd4
15. Ne2 Bf6 16. f4 Qd7 17. f5 c6 18. Bb3 g6 19. fxg6 hxg6 20. Kh1 Kg7 21. a4
Rh8 22. axb5 axb5 23. Rg1 Be5 24. Qf1 Bxh2 25. Rg2 Be5 26. Kg1 Nf4 27. Nxf4
Bxf4 28. Qe2 Qh3 29. Kf1 Rh5 30. Qg4 Qxg4 31. Rxg4 Rh1+ 32. Rg1 Rh2 33. Rg4
Rh1+ 34. Rg1 Rh2 35. Rg4 {Game drawn by mutual agreement} 1/2-1/2

[Event "ICS rated blitz match"]
[Site "207.99.83.227"]
[Date "1999.04.10"]
[Round "?"]
[White "Hossa"]
[Black "blunite"]
[Result "1-0"]
[WhiteElo "2426"]
[BlackElo "2307"]
[PlyCount "46"]

1. e4 e5 2. Nf3 Nc6 3. Bc4 Nf6 4. Ng5 Bc5 5. Nxf7 Bxf2+ 6. Kf1 Qe7 7. Nxh8 d5
8. exd5 Nd4 9. d6 cxd6 10. d3 Bg4 11. Qd2 O-O-O 12. Nf7 Bh4 13. h3 Be2+ 14. Kg1
Nh5 15. Bd5 Qf6 16. Qe3 Ng3 17. Nd2 Nxh1 18. Kxh1 Bd1 19. Nxd8 Kxd8 20. Ne4
Qf1+ 21. Qg1 Qxg1+ 22. Kxg1 Nxc2 23. Bg5+ 23... Bxg5 {blunite resigns} 1-0

[Event "ICS rated blitz match"]
[Site "207.99.83.227"]
[Date "1999.04.10"]
[Round "?"]
[White "blunite"]
[Black "Hossa"]
[Result "0-1"]
[WhiteElo "2296"]
[BlackElo "2437"]
[PlyCount "92"]

1. e4 d6 2. d4 Nf6 3. Nc3 g6 4. Bc4 Bg7 5. Qe2 Bg4 6. f3 Bd7 7. Be3 Nc6 8. Qd2
e5 9. Nge2 exd4 10. Nxd4 Ne5 11. Be2 Qe7 12. O-O-O O-O-O 13. Rhe1 Rhe8 14. Kb1
Kb8 15. h3 Rc8 16. f4 Nc6 17. Bf3 Nb4 18. a3 Na6 19. Nb3 Bh6 20. g4 Ng8 21. Nd5
Qh4 22. Qg2 Ba4 23. g5 Bxg5 24. fxg5 Re5 25. Rg1 f6 26. Bf4 Rxd5 27. Bg3 Rxd1+
28. Rxd1 Qxg5 29. Nd4 Bd7 30. h4 Qa5 31. Be1 Qa4 32. Nb3 Bc6 33. Rd4 Qb5 34.
Be2 Qe5 35. Bxa6 bxa6 36. Na5 Ne7 37. Rb4+ Ka8 38. Bc3 Qe6 39. Qe2 f5 40. Qxa6
Bxe4 41. Rb7 Bxc2+ 42. Ka1 Qe3 43. a4 Qc1+ 44. Ka2 Qb1+ 45. Ka3 Qa1+ 46. Kb4
46... Qxa4# {blunite checkmated} 0-1

[Event "ICS rated blitz match"]
[Site "207.99.83.227"]
[Date "1999.04.10"]
[Round "?"]
[White "Hossa"]
[Black "blunite"]
[Result "1-0"]
[WhiteElo "2447"]
[BlackElo "2286"]
[PlyCount "65"]

1. e4 e5 2. Nf3 Nc6 3. Bb5 a6 4. Ba4 Nf6 5. Bxc6 dxc6 6. d3 Bd6 7. O-O O-O 8.
Bg5 h6 9. Bh4 c5 10. Nc3 c6 11. Nd2 g5 12. Bg3 b5 13. Rc1 Be6 14. a3 Kg7 15.
Nf3 Rh8 16. Bxe5 Bxe5 17. Nxe5 Qc7 18. Nf3 Bg4 19. Qe2 Nh5 20. Qe3 Nf4 21. Qxc5
Bxf3 22. gxf3 Qd7 23. Qe5+ f6 24. Qf5 Qxf5 25. exf5 Rhe8 26. Rce1 Kf7 27. Rxe8
Rxe8 28. Ne4 Re5 29. b4 Ke7 30. Nc5 Re2 31. Rc1 Rd2 32. Kf1 Nh3 33. Ne4 {
blunite resigns} 1-0

[Event "ICS rated blitz match"]
[Site "207.99.83.227"]
[Date "1999.04.10"]
[Round "?"]
[White "blunite"]
[Black "Hossa"]
[Result "0-1"]
[WhiteElo "2277"]
[BlackElo "2456"]
[PlyCount "126"]

1. e4 d6 2. d4 Nf6 3. Nc3 g6 4. Bc4 Bg7 5. Qe2 Bg4 6. f3 Bd7 7. Be3 Nc6 8. Qd2
e5 9. Nge2 exd4 10. Nxd4 Ne5 11. Be2 Qe7 12. O-O-O O-O-O 13. Rhe1 Rhe8 14. h3
Kb8 15. Kb1 Rc8 16. f4 Nc6 17. Bf3 Nb4 18. a3 Na6 19. g4 Nc5 20. Bf2 Be6 21. f5
Bc4 22. g5 Nfd7 23. f6 Bxf6 24. gxf6 Qxf6 25. Bh1 Ne5 26. b3 Be6 27. Nd5 Qd8
28. Nf4 g5 29. Nfxe6 Nxe6 30. Nxe6 fxe6 31. Be3 h6 32. Rf1 Rf8 33. Qe2 Rxf1 34.
Rxf1 c5 35. c4 Qb6 36. Ka2 Qd8 37. Qf2 Qe8 38. Qf6 Qh5 39. Qf2 Qxh3 40. Bg2 Qg4
41. Bf3 Qh3 42. Qg2 Qxg2+ 43. Bxg2 Rg8 44. Bc1 Nd3 45. Be3 Ne5 46. Kb2 h5 47.
Kc3 h4 48. Rh1 Kc7 49. Kd2 a6 50. a4 b6 51. Ke2 Kd7 52. Bf1 Rg7 53. Ke1 g4 54.
Be2 h3 55. Kf1 Rf7+ 56. Ke1 Ke8 57. Bf2 Rf4 58. Bg3 Rxe4 59. Bxe5 Rxe5 60. Kf1
g3 61. Rxh3 g2+ 62. Kxg2 Rxe2+ 63. Kf3 63... Rb2 {blunite resigns} 0-1

[Event "ICS rated blitz match"]
[Site "207.99.83.227"]
[Date "1999.04.10"]
[Round "?"]
[White "Hossa"]
[Black "blunite"]
[Result "1-0"]
[WhiteElo "2464"]
[BlackElo "2269"]
[PlyCount "73"]

1. e4 e6 2. Nf3 d5 3. exd5 exd5 4. d4 Bg4 5. Be2 Nc6 6. O-O Bd6 7. Bg5 Nge7 8.
h3 Bf5 9. Bxe7 Qxe7 10. Re1 O-O 11. Bb5 Qf6 12. Bxc6 bxc6 13. Qe2 Be4 14. Nbd2
Rae8 15. Qa6 c5 16. Qxa7 cxd4 17. Qxd4 Qf4 18. c3 Re6 19. Rad1 Rg6 20. Nxe4
Qxf3 21. Ng3 Rxg3 22. fxg3 Qxg3 23. Qxd5 Qh2+ 24. Kf1 Bg3 25. Re7 h6 26. Qf3
Bd6 27. Rd7 Qh1+ 28. Ke2 Qh2 29. Qe4 Qg3 30. Kf1 Qh2 31. Qe3 Kh7 32. a4 Bf4 33.
Qe7 Kg8 34. Rd8 Rxd8 35. Rxd8+ Kh7 36. Qe4+ g6 37. Qe8 {blunite resigns} 1-0

[Event "ICS rated blitz match"]
[Site "207.99.83.227"]
[Date "1999.04.10"]
[Round "?"]
[White "blunite"]
[Black "Hossa"]
[Result "0-1"]
[WhiteElo "2261"]
[BlackElo "2472"]
[PlyCount "78"]

1. e4 e5 2. Nf3 Nc6 3. Bc4 Bc5 4. Nc3 Nf6 5. a3 O-O 6. d3 d6 7. h3 Bd4 8. Bg5
Bxc3+ 9. bxc3 Na5 10. Bb3 Bd7 11. O-O Nxb3 12. cxb3 Bc6 13. c4 Qe7 14. Nh2 Qe6
15. f4 exf4 16. Bxf4 Rae8 17. Ra2 Nd7 18. Raf2 f5 19. exf5 Rxf5 20. d4 Be4 21.
Qd2 Qf6 22. Bg3 Rxf2 23. Rxf2 Qg6 24. Bf4 Rf8 25. Nf3 Bxf3 26. Rxf3 Qb1+ 27.
Kh2 Qa1 28. a4 Rf7 29. Qe3 Nf8 30. Bg3 Rxf3 31. gxf3 Qb1 32. Bf2 b6 33. d5 a6
34. Qe4 Qxb3 35. Bd4 Qxc4 36. Qg4 g6 37. Qe4 Qxa4 38. Qf4 c5 39. dxc6 39... Ne6
{blunite resigns} 0-1

[Event "ICS rated blitz match"]
[Site "207.99.83.227"]
[Date "1999.04.10"]
[Round "?"]
[White "Hossa"]
[Black "blunite"]
[Result "0-1"]
[WhiteElo "2479"]
[BlackElo "2254"]
[Annotator "Crafty v16.6"]
[PlyCount "162"]

{annotating for player Hossa using a scoring margin of +0.10 pawns. search
time limit is 20.00} 1. e4 1... e5 2. Nf3 Nc6 3. Bc4 Nf6 4. Ng5 Bc5 5. Nxf7
Bxf2+ 6. Kf1 Qe7 7. Nxh8 d5 8. exd5 Nd4 9. d6 cxd6 10. d3 ({8:+3.51} 10. d3
10... Bg4 11. Qd2 Be3 12. Bb5+ Nxb5 13. Qxe3 O-O-O 14. c4 $18) ({8:+5.59} 10.
c3 10... Qf8 11. Nf7 b5 12. cxd4 bxc4 13. Nxe5 dxe5 14. Kxf2 14... exd4 $18)
10... Bg4 11. Qd2 Bh4 12. h3 ({7:+2.99} 12. h3 12... Be2+ 13. Kg1 Bh5 14. Kh2
O-O-O 15. c3 Rxh8 16. cxd4 16... exd4 $18) ({7:+3.66} 12. c3 12... Be2+ 13. Kg1
Ng4 14. Bb5+ Nxb5 15. Qxe2 Bf2+ 16. Kf1 16... Qh4 $18) 12... Be2+ 13. Kg1 O-O-O
14. Nf7 d5 15. Nxd8 dxc4 16. Nc6 ({8:+2.14} 16. Nc6 16... bxc6 17. b4 cxd3 18.
cxd3 Nd5 19. Nc3 Qxb4 20. Nxe2 Qxd2 21. Bxd2 21... Nxe2+ $18) ({8:+3.45} 16.
Nxb7 16... Kxb7 17. Nc3 Qc5 18. Qe3 cxd3 19. Kh2 Ne6 20. Nxe2 Qxe3 21. Bxe3
21... dxe2 $18) 16... bxc6 17. b4 ({7:+0.88} 17. b4 17... cxb3 18. Ba3 Qd7 19.
Bb2 bxc2 20. Na3 Qd5 21. Nxc2 Nxc2 22. Qxc2 22... Bxd3 $16) ({7:+2.39} 17. Nc3
17... cxd3 18. cxd3 Qc5 19. Qe3 Bg5 20. Qf2 Bxc1 21. Rxc1 21... Bxd3 $18) 17...
cxb3 18. Ba3 ({7:-0.12} 18. Ba3 18... Qe8 19. Kh2 Nxc2 20. Qxe2 Nxa1 21. axb3
21... Nxb3 $10) ({7:+0.00} 18. c3 18... Ne4 19. Qb2 Bf2+ 20. Kh2 Bg3+ 21. Kg1
Nc2 22. axb3 Bf2+ 23. Kh2 Bg3+ 24. Kg1 $10) 18... Qe6 19. cxb3 ({7:-1.16} 19.
cxb3 19... Ne4 20. Qe3 Bf2+ 21. Qxf2 Nxf2 22. Kxf2 22... Bxd3 $17) ({7:+0.26} 
19. Nc3 19... Qf5 20. Kh2 Bg5 21. Qe1 Bf4+ 22. Kg1 22... Nxc2 $10) 19... Qf5
20. Kh2 ({8:-Mat07} 20. Kh2 20... Nf3+ 21. gxf3 Qxf3 22. Qe1 Bxe1 23. Rg1 Qf4+
24. Kh1 Bf3+ 25. Rg2 Qg3 26. Nc3 26... Qxg2# $19) ({8:-6.34} 20. Qe3 20... Nd5
21. Qxd4 exd4 22. Bd6 Bxd3 23. Kh2 23... Ne3 $19) 20... Qf2 21. Rc1 Nf3+ 22.
Kh1 Nxd2 23. Nxd2 Bg5 24. Bc5 ({8:-4.57} 24. Bc5 24... Qg3 25. Ne4 Nxe4 26.
dxe4 Bxc1 27. Rxc1 Qf4 28. Ra1 Qxe4 29. Bxa7 $19) ({8:-2.37} 24. Rxc6+ 24...
Kb7 25. Rac1 Bg4 26. Rc7+ Ka8 27. Rf1 Qxd2 28. hxg4 28... Qxd3 $19) 24... Qg3
25. Nf1 Bxf1 26. Rxf1 Bf4 27. Bg1 g5 28. Rf3 Qh4 29. Bf2 Qh5 30. d4 ({10:-3.82
} 30. d4 30... e4 31. Rc3 Kd7 32. Bg1 Qe2 33. Rc5 Qb2 34. Rf1 34... Qxa2 $19) (
{10:-2.91} 30. Bxa7 30... g4 31. Rf2 gxh3 32. g3 Kb7 33. gxf4 Kxa7 34. a4 34...
Qh4 $19) 30... g4 31. Rc3 Ne4 32. Rxc6+ Kd7 33. Rc2 gxh3 34. dxe5 hxg2+ 35.
Kxg2 Qg4+ 36. Kf1 Qh3+ 37. Ke2 Nc3+ 38. Rxc3 Qxc3 39. Rd1+ Ke8 40. Rd5 Bxe5 41.
Bxa7 Bf4 42. Bc5 Qc2+ 43. Kf3 Bb8 44. Rg5 Qd1+ 45. Ke4 Qe2+ 46. Be3 Ba7 47.
Rg8+ Kf7 48. Rg3 Bxe3 49. Rf3+ Kg7 50. Rxe3 Qxa2 51. Rg3+ Kf6 52. Rf3+ Ke6 53.
Re3 Qa5 54. Kf3+ Kf6 55. Ke2 h5 56. Rf3+ Kg5 57. Rg3+ Kh6 58. Rf3 h4 59. Kf1
Qg5 60. Ke1 Qg2 61. Rf6+ Kg7 62. Rf2 Qg3 63. Ke2 Qxb3 64. Rg2+ Kh6 65. Rg4 Kh5
66. Rf4 h3 67. Rf5+ Kg4 68. Rf8 h2 69. Rd8 Qf3+ 70. Kd2 h1=Q 71. Rg8+ Kf4 72.
Rf8+ Ke4 73. Re8+ Kd4 74. Rd8+ Qd5 75. Rxd5+ Kxd5 76. Ke3 Qh4 77. Kf3 Kd4 78.
Ke2 Qg3 79. Kf1 Qh2 80. Ke1 Ke3 81. Kf1 Qf2# 0-1

[Event "ICS rated blitz match"]
[Site "207.99.83.227"]
[Date "1999.04.10"]
[Round "?"]
[White "Hossa"]
[Black "ColonialPast"]
[Result "0-1"]
[WhiteElo "2454"]
[BlackElo "2196"]
[Annotator "Crafty v16.6"]
[PlyCount "148"]

{annotating for player Hossa using a scoring margin of +0.10 pawns. search
time limit is 20.00} 1. e4 1... c6 2. Nc3 d5 3. exd5 cxd5 4. Nf3 Nf6 5. Bb5+
Bd7 6. O-O e6 7. Re1 ({8:+0.16} 7. Re1 7... Bd6 8. Bd3 O-O 9. Ne5 Qc7 10. Qe2
Nc6 11. Nxd7 11... Qxd7 $10) ({8:+0.28} 7. Ne5 7... Bb4 8. Nxd7 Nbxd7 9. a3
Bxc3 10. dxc3 O-O 11. Bg5 11... Nc5 $10) 7... a6 8. Be2 ({8:+0.17} 8. Be2 8...
Bd6 9. d4 Nc6 10. Na4 O-O 11. Nc5 11... Bc8 $10) ({8:+0.30} 8. Bd3 8... Bc5 9.
Ne5 O-O 10. Qf3 Nc6 11. Nxd7 Qxd7 12. Qf4 $10) 8... Bd6 9. d3 h6 10. Be3 O-O
11. Qd2 Bc6 12. Bxh6 ({9:-1.45} 12. Bxh6 12... gxh6 13. Qxh6 Nh7 14. Qh5 Qf6
15. Bf1 Nd7 16. Rad1 $17) ({9:+0.29} 12. Nd4 12... Qc7 13. Kh1 Bd7 14. Nb3 Nc6
15. Rad1 Rac8 16. Kg1 $10) 12... gxh6 13. Qxh6 Nh7 14. Qh5 Nd7 15. Rac1 ({
8:-1.77} 15. Rac1 15... Qf6 16. Qg4+ Qg6 17. Qd4 f5 18. Qe3 Qf6 19. d4 $19) ({
8:-1.46} 15. Qg4+ 15... Kh8 16. Nd4 f5 17. Nxc6 bxc6 18. Qg6 Qf6 19. Bh5 Qxg6
20. Bxg6 $17) 15... Qf6 16. Qg4+ Qg7 17. Qxg7+ Kxg7 18. Nd4 Nhf6 19. Nd1 ({
9:-1.80} 19. Nd1 19... Rh8 20. h3 Rac8 21. Ne3 Bf4 22. Nxc6 Rxc6 23. Bf3 23...
Rh4 $19) ({9:-1.61} 19. Nxc6 19... bxc6 20. h4 Rab8 21. Rb1 Rb4 22. h5 Rh4 23.
g3 23... Rh3 $19) 19... Rh8 20. h3 Rac8 21. c3 b5 22. a3 ({9:-2.10} 22. a3
22... Bb7 23. Ne3 Kg8 24. Nb3 Rh4 25. Na5 Ba8 26. Nb3 $19) ({9:-1.78} 22. Ne3
22... Bf4 23. Nxc6 Rxc6 24. Bf1 Ne5 25. d4 Nc4 26. Bxc4 Rxc4 27. Nxc4 27...
Bxc1 $19) 22... Bb7 23. Nb3 Nb6 24. Na5 Ba8 25. d4 ({8:-2.28} 25. d4 25... Nh5
26. g3 Nf6 27. h4 Ne4 28. Bd3 28... Nd2 $19) ({8:-2.14} 25. Ne3 25... Rh4 26.
Nb3 Kg8 27. Ng4 Nxg4 28. Bxg4 Bf4 29. Rcd1 $19) 25... Nc4 26. Nb3 Bf4 27. Rc2
Nd7 28. Bf3 ({9:-2.40} 28. Bf3 28... a5 29. Bg4 a4 30. Nc1 Bc6 31. Nd3 Bd2 32.
Re2 $19) ({9:-2.09} 28. g3 28... Bc7 29. h4 Bb7 30. h5 Na5 31. Nxa5 Bxa5 32.
Ne3 32... f5 $19) 28... a5 29. Be2 a4 30. Nc1 Nf6 31. Nd3 Bd6 32. Ne5 Bxe5 33.
dxe5 Ne4 34. Bxc4 bxc4 35. Ne3 Rb8 36. Ng4 Kf8 37. f3 Nc5 38. Nf6 Ke7 39. Ree2
Nd7 40. Ng4 Rb6 41. Rcd2 Rhb8 42. Nf2 Nc5 43. f4 Ne4 44. Nxe4 dxe4 45. h4 e3
46. Rxe3 Rxb2 47. Rxb2 Rxb2 48. g3 Rb3 49. Kh2 Rxa3 50. Kh3 Rb3 51. h5 a3 52.
Re1 a2 53. Ra1 Ra3 54. Kh4 f5 55. exf6+ Kxf6 56. g4 Be4 57. g5+ Kg7 58. Kg3 Bb1
59. Kf3 Rxc3+ 60. Kf2 Rh3 61. h6+ Kg6 62. Kg2 Rd3 63. Kf1 c3 64. h7 Kxh7 65.
Ke2 Rd8 66. f5 exf5 67. Kf2 c2 68. Kg3 c1=Q 69. Rxa2 Bxa2 70. Kf3 Qxg5 71. Kf2
Rd3 72. Ke1 Qc1+ 73. Kf2 Qc2+ 74. Kf1 Rd1# 0-1

[Event "ICS rated blitz match"]
[Site "207.99.83.227"]
[Date "1999.04.10"]
[Round "?"]
[White "Hossa"]
[Black "ducy"]
[Result "1-0"]
[WhiteElo "2428"]
[BlackElo "2078"]
[PlyCount "33"]

1. e4 c5 2. Bc4 Nc6 3. f4 e6 4. Nc3 g6 5. Nf3 Bg7 6. O-O Nge7 7. e5 d6 8. exd6
Qxd6 9. Ne4 Qd8 10. c3 b6 11. d3 O-O 12. Bd2 Bb7 13. Qe2 Qd7 14. Neg5 Na5 15.
Nxe6 Rfe8 16. Nxg7 Kxg7 17. Bxf7 {ducy resigns} 1-0

[Event "ICS rated blitz match"]
[Site "207.99.83.227"]
[Date "1999.04.10"]
[Round "?"]
[White "VESta"]
[Black "Hossa"]
[Result "1-0"]
[WhiteElo "2390"]
[BlackElo "2432"]
[Annotator "Crafty v16.6"]
[PlyCount "143"]

{annotating for player Hossa using a scoring margin of +0.10 pawns. search
time limit is 20.00} 1. e4 1... d6 2. d4 Nf6 3. Nc3 g6 ({8:-0.66} 3... g6 4.
Be2 d5 5. e5 Ne4 6. Nxe4 dxe4 7. Bg5 7... Bf5 $14) ({8:-0.36} 3... Nc6 4. Bb5
Bd7 5. Nf3 a6 6. Bc4 Na5 7. Bd3 $14) 4. Nf3 Bg7 5. Be2 O-O 6. O-O Bg4 7. h3
Bxf3 ({9:-0.53} 7... Bxf3 8. Bxf3 Nc6 9. Be3 Qd7 10. Qd2 Rae8 11. Nd5 Nxd5 12.
exd5 12... Nd8 $14) ({9:-0.42} 7... Bd7 8. Bg5 Nc6 9. Qd2 e5 10. dxe5 dxe5 11.
Bh6 Bxh6 12. Qxh6 12... Qe7 $14) 8. Bxf3 e5 ({8:-0.69} 8... e5 9. d5 Nbd7 10.
Bg5 Nc5 11. Qd2 Qd7 12. Bh6 Bxh6 13. Qxh6 $14) ({8:-0.53} 8... Nc6 9. Be3 Qd7
10. Qd2 Rae8 11. Nd5 Nxd5 12. exd5 12... Nd8 $14) 9. dxe5 dxe5 10. Qxd8 Rxd8
11. Nd5 Nxd5 12. exd5 Nd7 13. c4 Nc5 14. Rd1 e4 15. Be2 Rd6 16. Be3 Na4 17. Bd4
Nxb2 18. Bxg7 Kxg7 19. Rdb1 Na4 20. Rxb7 Rd7 21. Rc1 Nc5 22. Rb5 Na4 23. Rb4
Nb6 ({9:-0.23} 23... Nb6 24. Rcb1 Rad8 25. a4 h6 26. a5 Nc8 27. Rb7 27... Kf6
$10) ({9:-0.05} 23... Nc5 24. Rc3 a6 25. Kh2 f5 26. Kg3 Rad8 27. Re3 27... h6
$10) 24. Rb5 c6 ({9:-0.77} 24... c6 25. dxc6 Rc7 26. Rc5 Rac8 27. Re5 f5 28. f3
28... Kf6 $16) ({9:+0.00} 24... Na4 $10) 25. dxc6 Rd2 ({9:-0.75} 25... Rd2 26.
c5 Nd5 27. Bc4 Rc8 28. Re1 a6 29. Ra5 Rxc6 30. Rxe4 $16) ({9:-0.61} 25... Rc7
26. Re5 f5 27. c5 Rxc6 28. Bb5 Rc7 29. Rd1 29... Nc8 $14) 26. c5 Rxe2 ({9:-2.05
} 26... Rxe2 27. cxb6 axb6 28. c7 e3 29. fxe3 Rc8 30. Rxb6 Rxe3 31. Rb8 Ree8
32. Rxc8 $18) ({9:-0.64} 26... Nd5 27. Bc4 Rc8 28. Ra5 Rxc6 29. Re1 e3 30. fxe3
Kf6 31. Bxd5 Rxd5 32. Rxa7 32... Rcxc5 $14) 27. cxb6 axb6 28. c7 e3 29. fxe3
Rc8 30. Rxb6 Rxe3 31. Rb8 Ree8 32. Rxc8 Rxc8 33. Kf2 Kf6 34. Ke3 Ke5 35. a4 f5
36. a5 Kd6 37. Kf4 h6 38. h4 Kd7 39. h5 gxh5 40. Kxf5 Rg8 41. a6 Kc8 42. a7
Rg5+ 43. Kf6 Ra5 44. Kg6 Rxa7 45. Kxh5 Ra2 46. g4 Rh2+ 47. Kg6 Rh4 48. Kf5 h5
49. g5 Rh2 50. g6 h4 51. Rc4 Rg2 52. Rg4 Rf2+ 53. Kg5 Rf8 54. Rxh4 Rg8 55. Re4
Kxc7 56. Kh6 Kd6 57. g7 Rb8 58. Re1 Kd5 59. Kh7 Rb7 60. Kh8 Kc6 61. g8=Q Rb4
62. Qc8+ Kb5 63. Re5+ Ka4 64. Qa6+ Kb3 65. Re3+ Kc2 66. Qa2+ Kd1 67. Re2 Rh4+
68. Kg7 Rg4+ 69. Kf6 Rf4+ 70. Ke5 Re4+ 71. Kxe4 Kc1 72. Qc2# 1-0

[Event "ICS Rated blitz match"]
[Site "207.99.83.227"]
[Date "1999.04.10"]
[Round "?"]
[White "Hossa"]
[Black "robbok1"]
[Result "1-0"]
[WhiteElo "2414"]
[BlackElo "2622"]
[PlyCount "99"]

1. e4 c5 2. Bc4 d6 3. Nc3 Nc6 4. Nf3 Nf6 5. O-O e6 6. d4 cxd4 7. Nxd4 Ne5 8.
Bb5+ Bd7 9. Bxd7+ Nfxd7 10. Ndb5 Nf6 11. Bg5 a6 12. Bxf6 gxf6 13. Nd4 Qb6 14.
Na4 Qa5 15. b3 Rg8 16. Qh5 b5 17. Nb2 Rg6 18. Rfd1 Qc3 19. Rab1 Bh6 20. a4 Ke7
21. axb5 Rag8 22. Na4 Qa5 23. Qxe5 Rxg2+ 24. Kf1 fxe5 25. Nc6+ Kd7 26. Nxa5
axb5 27. Nc3 b4 28. Nb5 d5 29. exd5 Rxh2 30. Nc6 exd5 31. Nxe5+ Kc8 32. Nd6+
Kc7 33. Ndxf7 Rgg2 34. Nd3 Bg7 35. Ke2 Bd4 36. Rg1 Rxg1 37. Rxg1 Bc3 38. Kf3
Kd7 39. Kg3 Rh5 40. f4 Ke6 41. Nfe5 Rh6 42. Nc6 Rg6+ 43. Kf2 Rf6 44. Kf3 h5 45.
Rg5 Rh6 46. Ndxb4 d4 47. Nd5 h4 48. Nxc3 dxc3 49. Nd4+ Kd6 50. Nf5+ {
robbok1 resigns} 1-0